00229nam a2200085Ia 450000100070000000500170000700800410002424500560006526000220012171191220250826162817.0250824s9999 xx 000 0 und d 0aÇOK GÜLDÜK, AĞLAMAYALIMcKÜRŞAT BAŞAR bEVEREST YAYINLARI